Państwa Ameryki o najkrótszych nazwach - Statystyki

Ogólne statystyki
  • Ten quiz został rozwiązany 226 razy
    222 od ostatniego zresetowania
  • Średni wynik to 8 z 10
Statystyki odpowiedzi
Państwo % Poprawnych
Kuba
90%
Peru
90%
Chile
86%
Haiti
82%
Kanada
78%
Meksyk
78%
Panama
76%
Belize
75%
Gujana
71%
Bahamy
52%
Nie znaleziono quizów pasujących do podanych kryteriów
Rozkład punktacji
Procent ludzi z każdym wynikiem
Percentyl według liczby udzielonych odpowiedzi
Twoja historia wyników
Nie rozwiązałeś tego quizu od ostatniego zresetowania